[Event "Superbet Varsavia Blitz 2026"]
[Site "Varsavia"]
[Date "09.05.2026"]
[Round "10B"]
[White "Sindarov, Javokhir"]
[Black "Duda, Jan-Krzysztof"]
[Result "0-1"]
[WhiteElo "2776"]
[BlackElo "2739"]
[EventDate "2026.05.08"]
[WhiteFideId "14205483"]
[BlackFideId "1170546"]

1. e4 e5 2. Nf3 Nc6 3. Bc4 Bc5 4. c3 Nf6 5. d3 d6 6. b4 Bb6 7. a4 a5 8. b5
Ne7 9. O-O Ng6 10. Nbd2 O-O 11. d4 h6 12. Re1 Re8 13. Qb3 Be6 14. Bxe6 Rxe6
15. Bb2 Nd7 16. g3 Qe7 17. Re2 Rf8 18. Rae1 Kh8 19. Qc2 Re8 20. Kg2 c6 21.
bxc6 bxc6 22. Ba3 Qf6 23. d5 R6e7 24. dxc6 Ndf8 25. Nc4 Bc5 26. Bxc5 dxc5
27. Rd2 Qxc6 28. Rd6 Qc8 29. Ne3 Rd8 30. Red1 Red7 31. Nf5 Kg8 32. Rxd7
Rxd7 33. h4 Ne7 34. Rxd7 Qxd7 35. Nxe5 Qe6 36. Nxe7+ Qxe7 37. Nc4 g5 38.
Nxa5 Qe6 39. hxg5 hxg5 40. Qd3 Ng6 41. Nc4 g4 42. a5 Qf6 43. Qe2 Qxc3 44.
a6 Qb3 45. a7 Qa4 46. Qxg4 Qxa7 47. Ne5 Qa6 48. Nxg6 fxg6 49. Qd7 c4 50. f4
Qa2+ 51. Kh3 Qe2 52. Qe8+ Kg7 53. Qe7+ Kg8 54. g4 Qf3+ 55. Kh4 Qxf4 56.
Qe8+ Kg7 57. Qd7+ Qf7 58. Qd4+ Qf6+ 0-1

[Event "Superbet Varsavia Blitz 2026"]
[Site "Varsavia"]
[Date "09.05.2026"]
[Round "11B"]
[White "Caruana, Fabiano"]
[Black "Sindarov, Javokhir"]
[Result "1/2-1/2"]
[WhiteElo "2788"]
[BlackElo "2776"]
[EventDate "2026.05.08"]
[WhiteFideId "2020009"]
[BlackFideId "14205483"]

1. e4 c5 2. Nf3 e6 3. Nc3 Nc6 4. a3 Be7 5. Bb5 Nd4 6. O-O a6 7. Bc4 b5 8.
Ba2 Bb7 9. d3 Nc6 10. Ne2 Nf6 11. Ng3 d5 12. Qe2 dxe4 13. dxe4 c4 14. c3
Qc7 15. Bb1 Nd7 16. Be3 O-O 17. Bc2 Rfd8 18. Nd4 Nce5 19. f4 Nd3 20. Bxd3
cxd3 21. Qxd3 Nc5 22. Qc2 Bh4 23. e5 Be7 24. Qe2 g6 25. Rad1 Ne4 26. Qg4
Nxg3 27. Qxg3 Be4 28. Rde1 Qb7 29. h4 Kh8 30. Nf3 Bd5 31. Ng5 Rf8 32. h5
gxh5 33. Qh3 Bxg5 34. fxg5 Be4 35. Rf2 Rg8 36. Qxh5 Bg6 37. Qh4 a5 38. Qf4
Rgd8 39. Bd4 b4 40. Qe3 bxa3 41. bxa3 Rac8 42. Ref1 Kg8 43. Rf4 Qe7 44. a4
Qxg5 45. Qf3 Rb8 46. Rg4 Qh6 47. Qxf7+ Kh8 48. Qxe6 Rf8 49. Rxf8+ Rxf8 50.
Qe7 Kg8 51. Qg5 Qxg5 52. Rxg5 Kf7 53. e6+ Kxe6 54. Re5+ Kd6 55. Rxa5 Re8
56. Ra7 Re2 57. a5 Be4 58. Rg7 Ra2 59. Bb6 Rc2 60. a6 Rxc3 61. a7 Ra3 62.
Kh2 Ra2 63. Kh3 h5 64. g3 Ra4 65. Be3 Bf5+ 66. Kg2 Be4+ 67. Kf1 Ra2 68. Ke1
Bf3 69. Bf4+ Ke6 70. Rh7 Kf5 71. Re7 Kg4 72. Rg7+ Kh3 73. Bb8 Kg2 74. Re7
Rb2 75. Re3 Ra2 76. Re8 Rb2 77. Re7 Ra2 78. Re8 Rb2 79. Re7 Ra2 1/2-1/2

[Event "Superbet Varsavia Blitz 2026"]
[Site "Varsavia"]
[Date "09.05.2026"]
[Round "11B"]
[White "Fedoseev, Vladimir"]
[Black "Niemann, Hans Moke"]
[Result "0-1"]
[WhiteElo "2700"]
[BlackElo "2728"]
[EventDate "2026.05.08"]
[WhiteFideId "24130737"]
[BlackFideId "2093596"]

1. d4 Nf6 2. Nf3 d5 3. Bf4 c5 4. e3 Qb6 5. Nc3 Bd7 6. Rb1 e6 7. Be2 Be7 8.
O-O O-O 9. Ne5 cxd4 10. exd4 Nc6 11. Be3 Rfc8 12. f4 Be8 13. a3 a6 14. Rf3
Na5 15. f5 Nc4 16. Bxc4 dxc4 17. Qe2 exf5 18. Rxf5 Qe6 19. Rbf1 b5 20. Qf3
Rd8 21. g4 Rac8 22. g5 Nd5 23. Nxd5 Rxd5 24. h4 c3 25. b4 Bd6 26. Qe4 Bxe5
27. Rxe5 Rxe5 28. Qxe5 Qg4+ 29. Kf2 Bd7 30. Qf4 Qe6 31. Qe5 Qg6 32. d5
Qxc2+ 33. Kg3 Re8 34. Qf4 Kh8 35. Bd4 Rg8 36. Qe3 Qa2 37. Rxf7 Qxd5 38. Rf4
0-1

[Event "Superbet Varsavia Blitz 2026"]
[Site "Varsavia"]
[Date "09.05.2026"]
[Round "11B"]
[White "Firouzja, Alireza"]
[Black "Gukesh, Dommaraju"]
[Result "1-0"]
[WhiteElo "2759"]
[BlackElo "2732"]
[EventDate "2026.05.08"]
[WhiteFideId "12573981"]
[BlackFideId "46616543"]

1. Nf3 d5 2. b3 Bf5 3. Bb2 Nf6 4. d3 h6 5. Nbd2 e6 6. e4 Bh7 7. exd5 exd5
8. Qe2+ Be7 9. Bxf6 gxf6 10. g3 Qd7 11. Bg2 Nc6 12. O-O O-O-O 13. a3 Rde8
14. Qd1 f5 15. b4 Bf6 16. Rb1 f4 17. Nb3 b6 18. Qd2 fxg3 19. fxg3 Ne5 20.
Qf4 Qd6 21. Nxe5 Bxe5 22. Qxf7 Bg6 23. Qxd5 Qxd5 24. Bxd5 h5 25. Rbe1 h4
26. Bc6 Re7 27. g4 h3 28. Re2 Kd8 29. Rfe1 Bf6 30. Rxe7 Bxe7 31. Nd4 Bh4
32. Re3 Bf7 33. Nf3 Bf6 34. Ne5 Be6 35. Bf3 Rg8 36. Kf2 Ke7 37. d4 Bh4+ 38.
Ke2 Bg5 39. Rc3 Kd8 40. Rc6 Re8 41. Be4 Bf4 42. Bg6 Re7 43. Rc3 Bxg4+ 44.
Kf2 Bxe5 45. dxe5 Rxe5 46. Re3 Rg5 47. Be4 Be6 48. Rg3 Re5 49. Kf3 Ke7 50.
Kf4 Rh5 51. Rc3 c5 52. bxc5 bxc5 53. Bf3 Rf5+ 54. Kg3 Rg5+ 55. Kf4 Rf5+ 56.
Kg3 c4 57. Re3 Rg5+ 58. Kh4 Ra5 59. Bg4 1-0

[Event "Superbet Varsavia Blitz 2026"]
[Site "Varsavia"]
[Date "09.05.2026"]
[Round "11B"]
[White "Wojtaszek, Radoslaw"]
[Black "Duda, Jan-Krzysztof"]
[Result "0-1"]
[WhiteElo "2650"]
[BlackElo "2739"]
[EventDate "2026.05.08"]
[WhiteFideId "1118358"]
[BlackFideId "1170546"]

1. d4 Nf6 2. c4 e6 3. Nf3 b6 4. a3 Bb7 5. Nc3 g6 6. Qc2 Bxf3 7. exf3 Bg7 8.
Be3 Nc6 9. g4 Ne7 10. O-O-O c6 11. h4 h5 12. g5 Nh7 13. d5 cxd5 14. cxd5
exd5 15. Ba6 O-O 16. Nxd5 Nxd5 17. Rxd5 Re8 18. Kb1 Nf8 19. Rhd1 Re6 20. f4
b5 21. Bxb5 Rc8 22. Rc5 Rb8 23. b3 Qa5 24. a4 Qb4 25. Rc4 Qa3 26. Qa2 Qe7
27. Bxa7 Rd8 28. Bc5 d6 29. Ba3 Re2 30. Rc2 Re4 31. Re2 Qe6 32. Bc4 d5 33.
Rxe4 Qxe4+ 34. Qc2 Qf3 35. Bb2 Bxb2 36. Kxb2 Ne6 37. Bd3 Qxf4 38. a5 Qxh4
39. a6 Qxg5 40. Qc3 Qf4 41. Rd2 h4 42. Qa5 h3 43. a7 Ra8 44. Rc2 Qd4+ 0-1

[Event "Superbet Varsavia Blitz 2026"]
[Site "Varsavia"]
[Date "09.05.2026"]
[Round "12B"]
[White "Vachier-Lagrave, Maxime"]
[Black "Caruana, Fabiano"]
[Result "0-1"]
[WhiteElo "2717"]
[BlackElo "2788"]
[EventDate "2026.05.08"]
[WhiteFideId "623539"]
[BlackFideId "2020009"]

1. e4 c5 2. Nf3 d6 3. d4 cxd4 4. Nxd4 Nf6 5. Nc3 a6 6. h3 Nc6 7. Be3 Bd7 8.
g4 Nxd4 9. Qxd4 e5 10. Qd2 Bc6 11. Bg2 Be7 12. O-O-O O-O 13. g5 Nh5 14. Bf3
Nf4 15. Bxf4 exf4 16. h4 f6 17. g6 hxg6 18. Rdg1 Qe8 19. Qxf4 f5 20. Nd5
Bxd5 21. exd5 Rc8 22. Re1 Qd8 23. Re6 g5 24. Qb4 g4 25. Be2 Bxh4 26. f3 a5
27. Qa4 Qg5+ 28. Kb1 Qd2 29. Rd1 Qb4 30. Qxb4 axb4 31. fxg4 fxg4 32. Bxg4
Rf4 33. Bh5 Rf6 34. Re4 Bf2 35. Bg4 Rc7 36. Be6+ Kf8 37. Rxb4 g5 38. a4 Kg7
39. Rh1 Bh4 40. a5 Kg6 41. c3 Rf2 42. Rb6 Bg3 43. Rh8 Be5 44. Rb3 Rf4 45.
Rb8 Ra4 46. Rb5 g4 47. Rg8+ Kh5 48. Rb4 Rxb4 49. cxb4 g3 50. b5 Rc5 51. a6
bxa6 52. bxa6 Ra5 53. Bg4+ Kh4 54. Be2 Kh3 55. Bf1+ Kh2 56. Ra8 Kg1 57. Bh3
Rb5 58. Kc2 Rxb2+ 59. Kd3 Ra2 60. Ke4 Kh2 61. Bf1 Ra1 62. a7 Kg1 63. Bh3
Ra4+ 64. Kf5 Bd4 65. Ke6 Bxa7 66. Rg8 Kh2 67. Rh8 Bc5 68. Bf1+ Kg1 69. Bh3
g2 70. Rg8 Ra2 71. Bxg2 Rxg2 72. Rc8 Rg5 0-1

[Event "Superbet Varsavia Blitz 2026"]
[Site "Varsavia"]
[Date "09.05.2026"]
[Round "12B"]
[White "Sindarov, Javokhir"]
[Black "Wojtaszek, Radoslaw"]
[Result "1-0"]
[WhiteElo "2776"]
[BlackElo "2650"]
[EventDate "2026.05.08"]
[WhiteFideId "14205483"]
[BlackFideId "1118358"]

1. e4 e5 2. Nf3 Nc6 3. Bc4 Bc5 4. Nc3 Nf6 5. d3 h6 6. O-O O-O 7. a3 d6 8.
Na4 Bb6 9. b4 Re8 10. Re1 Bg4 11. h3 Bh5 12. c3 Qd7 13. Nxb6 axb6 14. Kh2
Bg6 15. Nh4 Bh7 16. Qf3 Qe7 17. g4 Nxe4 18. dxe4 Qxh4 19. Bxf7+ Kh8 20.
Bxe8 Rxe8 21. Qg3 Qf6 22. g5 hxg5 23. Bxg5 Qf7 24. Re2 Nd8 25. Bxd8 Rxd8
26. Rg1 Rd7 27. Qg4 Qe8 28. Re3 Rf7 29. Rf3 Rxf3 30. Qxf3 Qe7 31. a4 c6 32.
Qg4 Qf7 33. Qc8+ Bg8 34. Qf5 Qxf5 35. exf5 Bh7 36. Rg5 Kg8 37. Rh5 g6 38.
fxg6 Bxg6 39. Rg5 Kf7 40. Kg3 Kf6 41. f4 c5 42. h4 Be8 43. a5 1-0

[Event "Superbet Varsavia Blitz 2026"]
[Site "Varsavia"]
[Date "09.05.2026"]
[Round "12B"]
[White "Gukesh, Dommaraju"]
[Black "Fedoseev, Vladimir"]
[Result "0-1"]
[WhiteElo "2732"]
[BlackElo "2700"]
[EventDate "2026.05.08"]
[WhiteFideId "46616543"]
[BlackFideId "24130737"]

1. Nf3 d5 2. b3 c5 3. e3 Bf5 4. Bb2 Nd7 5. Nh4 Bg6 6. Nxg6 hxg6 7. c4 dxc4
8. Bxc4 Ngf6 9. h3 e6 10. Nc3 a6 11. Be2 Bd6 12. O-O Rc8 13. d4 cxd4 14.
exd4 Qa5 15. Bf3 Rc7 16. d5 e5 17. a3 O-O 18. b4 Qb6 19. Qd3 Rfc8 20. Rac1
Rc4 21. Na4 Qb5 22. Nc3 Qb6 23. Na4 Qc7 24. Nc5 Bxc5 25. bxc5 Rxc1 26. Rxc1
e4 27. Bxe4 Nxc5 28. Qd4 Qd6 29. Bf3 b6 30. Re1 Ncd7 31. h4 b5 32. g3 Nb6
33. Kg2 Rc2 34. Bc3 Qxa3 35. Bb4 Qb2 36. Qxb6 Qxb4 37. Rd1 Nd7 38. Qd8+ Nf8
39. Qb6 Qc5 40. Qxc5 Rxc5 41. d6 Nd7 42. Re1 Re5 43. Ra1 Nc5 44. Rxa6 Re6
45. Rc6 Nd7 46. Bd5 Rf6 47. f4 Kh7 48. Bb3 Nb8 49. Rb6 Nd7 50. Rc6 Nb8 51.
Rb6 Nd7 52. Rxb5 Rxd6 53. Bxf7 Nf6 54. Re5 Rd2+ 55. Kh3 Rd7 56. Be6 Rd3 57.
f5 Rf3 58. Kg2 Ra3 59. fxg6+ Kxg6 60. Rg5+ Kh7 61. Bf5+ Kg8 62. Kh3 Kf8 63.
h5 Ra5 64. Kh4 Ng8 65. Be6 Ra4+ 66. g4 Nf6 67. Rg6 Re4 68. Bf5 Re1 69. Kg5
Nh7+ 70. Kf4 Rf1+ 71. Kg3 Rg1+ 72. Kf2 Ra1 73. Rb6 Ng5 74. Ke3 Ra4 75. Rb8+
Ke7 76. Rb7+ Kf6 77. Rb6+ Ke5 78. Rg6 Ra3+ 79. Ke2 Nh3 80. Rxg7 Nf4+ 81.
Kf2 Nxh5 82. Re7+ Kf4 83. Rf7 Ra2+ 84. Kg1 Kg3 85. Bd3 Nf4 86. Bf1 Ra1 87.
Rxf4 Kxf4 88. Kf2 Ra2+ 89. Be2 Rb2 90. g5 Kxg5 91. Ke3 Kf5 92. Bd3+ Ke5 93.
Bc4 Rh2 94. Kd3 Rh3+ 95. Kc2 Kd4 96. Bf7 Rf3 97. Be6 Rc3+ 98. Kd2 Rc5 99.
Bf7 Rc6 100. Bg8 Rg6 101. Bf7 Rg2+ 102. Kc1 Kc3 103. Kd1 Kd3 104. Kc1 Rc2+
105. Kd1 Rc6 106. Ke1 Rd6 107. Bg8 Ke3 108. Bb3 Rd2 109. Kf1 Rf2+ 110. Kg1
Kf3 111. Bc4 Kg3 112. Bd5 Rd2 0-1

[Event "Superbet Varsavia Blitz 2026"]
[Site "Varsavia"]
[Date "09.05.2026"]
[Round "12B"]
[White "Duda, Jan-Krzysztof"]
[Black "Firouzja, Alireza"]
[Result "0-1"]
[WhiteElo "2739"]
[BlackElo "2759"]
[EventDate "2026.05.08"]
[WhiteFideId "1170546"]
[BlackFideId "12573981"]

1. d4 Nf6 2. c4 e6 3. Nf3 d5 4. g3 dxc4 5. Bg2 Nbd7 6. O-O c6 7. a4 a5 8.
Qc2 b5 9. Ne5 Nxe5 10. dxe5 Nd5 11. axb5 cxb5 12. Rd1 Qb6 13. Nc3 Bb7 14.
Bxd5 exd5 15. Nxd5 Bxd5 16. Rxd5 Bc5 17. Qf5 O-O 18. Bg5 Rfc8 19. Rad1 Qe6
20. Qf3 Rab8 21. h4 b4 22. h5 h6 23. Bf4 a4 24. g4 c3 25. bxc3 b3 26. g5
hxg5 27. Bxg5 b2 28. Kg2 b1=Q 29. Rxb1 Rxb1 30. Bf6 gxf6 31. exf6 Kh8 32.
Rg5 Rb6 0-1

[Event "Superbet Varsavia Blitz 2026"]
[Site "Varsavia"]
[Date "09.05.2026"]
[Round "13B"]
[White "Firouzja, Alireza"]
[Black "Wojtaszek, Radoslaw"]
[Result "0-1"]
[WhiteElo "2759"]
[BlackElo "2650"]
[EventDate "2026.05.08"]
[WhiteFideId "12573981"]
[BlackFideId "1118358"]

1. Nf3 d5 2. b3 Bg4 3. e3 Nd7 4. Bb2 c6 5. h3 Bxf3 6. Qxf3 e6 7. g4 h6 8.
h4 Ngf6 9. d3 Qa5+ 10. Ke2 O-O-O 11. g5 hxg5 12. hxg5 Rxh1 13. Qxh1 Ne8 14.
a3 g6 15. Qh7 Nd6 16. Nd2 Be7 17. Nf3 Qc7 18. Bh3 Re8 19. Ne5 Nxe5 20. Bxe5
Rf8 21. f4 Qd8 22. Rh1 Nf5 23. Bxf5 exf5 24. a4 Qe8 25. Bg7 Rg8 26. Be5 Rf8
27. d4 Kd7 28. c4 Ke6 29. cxd5+ Kxd5 30. Rd1 Qd8 31. Qh3 Qb6 32. e4+ Ke6
33. d5+ cxd5 34. exf5+ gxf5 35. Qh6+ f6 36. gxf6 Rxf6 37. Bxf6 Bxf6 38. Qh3
Qb4 39. Qe3+ Kd6 40. Kf3 Qe4+ 41. Qxe4 fxe4+ 42. Kg4 Ke6 43. Re1 Bc3 44.
Re2 a5 45. Rh2 d4 46. Rh6+ Kd5 47. Rh5+ Kd6 48. Re5 d3 49. Re8 Bf6 50. Rf8
Be7 51. Rh8 e3 52. Kf3 e2 53. Kf2 0-1

[Event "Superbet Varsavia Blitz 2026"]
[Site "Varsavia"]
[Date "09.05.2026"]
[Round "13B"]
[White "Fedoseev, Vladimir"]
[Black "Duda, Jan-Krzysztof"]
[Result "0-1"]
[WhiteElo "2700"]
[BlackElo "2739"]
[EventDate "2026.05.08"]
[WhiteFideId "24130737"]
[BlackFideId "1170546"]

1. Nf3 Nf6 2. c4 e6 3. b3 d5 4. Bb2 Be7 5. e3 O-O 6. Be2 c5 7. O-O b6 8.
cxd5 Nxd5 9. d4 cxd4 10. Nxd4 Bb7 11. Bf3 Nd7 12. Nc3 N7f6 13. Rc1 Rc8 14.
Qd3 Nb4 15. Qd1 Bxf3 16. gxf3 Qd7 17. a3 Nbd5 18. Ne4 Rxc1 19. Qxc1 Rc8 20.
Qd1 Qb7 21. Qd3 Nxe4 22. fxe4 Nf6 23. f3 Nd7 24. Rf2 Nc5 25. Qd1 Bg5 26.
Re2 Qd7 27. Kh1 Bh6 28. Qd2 Rd8 29. Qc2 Rc8 30. Qb1 g6 31. Rc2 Bxe3 32. Ne2
Qd3 33. Kg2 Rd8 34. Bf6 Re8 35. b4 Nd7 36. Bc3 f5 37. exf5 Qxf5 38. Ng3 Qd3
39. Ne4 Rf8 40. Rb2 Qxb1 41. Rxb1 e5 42. Rd1 Bd4 43. Bxd4 exd4 44. Rxd4 Ne5
45. Rd5 Nxf3 46. Kg3 Ne1 47. h4 h5 48. Ng5 Re8 49. Rd6 Kg7 50. Rd7+ Kf6 51.
Kf2 Nc2 52. Rxa7 Nd4 53. Rb7 b5 54. Rd7 Nf5 55. Rf7+ Ke5 56. Rb7 Nxh4 57.
Rxb5+ Kf4 58. Rc5 Nf5 59. Nf3 Nd6 60. Nd2 g5 61. b5 h4 62. b6 g4 63. Rd5
g3+ 64. Kf1 Nf5 65. Rd3 h3 66. b7 h2 0-1

[Event "Superbet Varsavia Blitz 2026"]
[Site "Varsavia"]
[Date "09.05.2026"]
[Round "13B"]
[White "So, Wesley"]
[Black "Gukesh, Dommaraju"]
[Result "0-1"]
[WhiteElo "2754"]
[BlackElo "2732"]
[EventDate "2026.05.08"]
[WhiteFideId "5202213"]
[BlackFideId "46616543"]

1. d4 Nf6 2. c4 e6 3. Nf3 d5 4. Nc3 Bb4 5. cxd5 exd5 6. Bg5 h6 7. Bh4 Bf5
8. e3 Nbd7 9. Rc1 c6 10. Qb3 Qb6 11. Be2 O-O 12. O-O Bd6 13. Bg3 Bxg3 14.
hxg3 Ne8 15. Nd2 Ndf6 16. Qa3 a5 17. Qb3 Qxb3 18. axb3 Nd6 19. Ra1 b6 20.
Ra4 Rab8 21. Rc1 Bd7 22. Nf3 Rfc8 23. Ne5 Be8 24. Raa1 Ra8 25. Na4 Rab8 26.
Nc3 h5 27. f3 c5 28. Kf2 g6 29. Rd1 cxd4 30. Rxd4 Nf5 31. Rd2 Ne7 32. Rd4
Nf5 33. Rf4 Kg7 34. Bd3 Ne7 35. b4 Ra8 36. Rd4 a4 37. Ra3 b5 38. Be2 Rab8
39. Bd3 Rb6 40. g4 Re6 41. g5 Rxe5 42. gxf6+ Kxf6 43. f4 Re6 44. Nxd5+ Nxd5
45. Rxd5 Rc1 46. Rc5 Rxc5 47. bxc5 b4 48. Ra1 Re7 49. Bc2 Ra7 50. Be4 Ke7
51. Ke2 Ra5 52. Rc1 Kd8 53. Kd3 a3 54. bxa3 bxa3 55. Ra1 Kc7 56. Bf3 Bc6
57. e4 Ra4 58. Kc3 Bxe4 59. Kb3 Rd4 60. Kc3 Rd3+ 61. Kc4 f5 62. Be2 Rd2 63.
Bf1 a2 64. g3 Rb2 65. Kd4 Rb1 66. Rxa2 Rxf1 67. Ra6 Bc6 68. Ke5 Rf3 69. Kf6
Rxg3 0-1

[Event "Superbet Varsavia Blitz 2026"]
[Site "Varsavia"]
[Date "09.05.2026"]
[Round "13B"]
[White "Caruana, Fabiano"]
[Black "Niemann, Hans"]
[Result "1-0"]
[WhiteElo "2788"]
[BlackElo "2728"]
[EventDate "2026.05.08"]
[WhiteFideId "2020009"]
[BlackFideId "2093596"]

1. Nf3 Nf6 2. c4 e6 3. g3 d5 4. Bg2 Be7 5. O-O O-O 6. d3 a5 7. Nc3 Nc6 8.
Bf4 Bd6 9. Bxd6 Qxd6 10. Nb5 Qe7 11. Rc1 Rd8 12. cxd5 exd5 13. Qd2 a4 14.
Rfe1 Be6 15. Qf4 Ra5 16. Nxc7 Bc8 17. Nd4 Nh5 18. Nxc6 bxc6 19. Qf3 Qxc7
20. Qxh5 Be6 21. Rc2 c5 22. Rec1 c4 23. Bh3 g6 24. Qh6 Bxh3 25. Qxh3 Qe7
26. dxc4 dxc4 27. Qg4 a3 28. bxa3 Rxa3 29. Qxc4 Qa7 30. e3 Ra4 31. Qb3 Ra3
32. Qb2 h5 33. Rc8 Rd3 34. Rxd8+ Rxd8 35. Ra1 Qa4 36. Qb3 Qe4 37. h4 Qf3
38. Qb4 Qe2 39. a4 Rd2 40. Qb8+ Kh7 41. Qf4 Kg7 42. a5 Rd5 43. a6 Rd1+ 44.
Rxd1 Qxd1+ 45. Kh2 Qe2 46. a7 Qa2 47. Qd4+ Kh7 48. Kg2 Qa6 49. Qc5 Qb7+ 50.
Kg1 Qb1+ 51. Kh2 Qa2 52. Kg2 Qa6 53. Qc7 Kg7 54. Qe5+ Kh7 55. Qb8 Qc6+ 56.
Kg1 Qc1+ 57. Kh2 Qc2 58. Kg2 Qe4+ 59. Kg1 1-0

[Event "Superbet Varsavia Blitz 2026"]
[Site "Varsavia"]
[Date "09.05.2026"]
[Round "13B"]
[White "Vachier-Lagrave, Maxime"]
[Black "Sindarov, Javokhir"]
[Result "1/2-1/2"]
[WhiteElo "2717"]
[BlackElo "2776"]
[EventDate "2026.05.08"]
[WhiteFideId "623539"]
[BlackFideId "14205483"]

1. c4 Nf6 2. Nf3 g6 3. Nc3 Bg7 4. g3 O-O 5. Bg2 d6 6. d4 Nc6 7. O-O Bg4 8.
h3 Bxf3 9. Bxf3 Nd7 10. e3 e5 11. d5 Ne7 12. e4 f5 13. h4 a5 14. h5 f4 15.
Kg2 Nc5 16. Rh1 g5 17. Bg4 Kh8 18. h6 Bf6 19. b3 Ng8 20. Rb1 Be7 21. a3 Rf6
22. b4 Na6 23. gxf4 gxf4 24. Kf3 Nxh6 25. Bh5 Qd7 26. Bd2 axb4 27. axb4 Rg8
28. Qf1 c5 29. Qh3 Qd8 30. bxc5 Nxc5 31. Ke2 Qa5 32. Bf3 Qa6 33. Nb5 Qa2
34. Rhc1 Nb3 35. Rxb3 Qxb3 36. Qd7 Bf8 37. Qxb7 Qa2 38. Qa7 Qxa7 39. Nxa7
Nf7 40. Bc3 Rh6 41. Nc6 Bg7 42. Ne7 Ra8 43. Ra1 Rxa1 44. Bxa1 Rh3 45. Nf5
Ng5 46. c5 Rxf3 47. c6 Ra3 48. c7 Ra8 49. Nxd6 h5 50. c8=Q+ Rxc8 51. Nxc8
Nxe4 52. d6 Nc5 53. Nb6 h4 54. d7 Ne6 55. f3 h3 56. Kf2 Kg8 57. Nd5 Kf7 58.
Bc3 Bf6 59. Ba5 Bh4+ 60. Kg1 Nd4 61. Kh2 Ke6 62. Nxf4+ exf4 63. Kxh3 Nxf3
64. d8=Q Bxd8 65. Bxd8 Ne5 66. Bg5 Kf5 67. Bxf4 1/2-1/2

[Event "Superbet Varsavia Blitz 2026"]
[Site "Varsavia"]
[Date "09.05.2026"]
[Round "14B"]
[White "Duda, Jan-Krzysztof"]
[Black "So, Wesley"]
[Result "1/2-1/2"]
[WhiteElo "2739"]
[BlackElo "2754"]
[EventDate "2026.05.08"]
[WhiteFideId "1170546"]
[BlackFideId "5202213"]

1. e4 e5 2. Nf3 Nc6 3. Nc3 Nf6 4. Bb5 Bb4 5. O-O O-O 6. d3 d6 7. Ne2 Ne7 8.
c3 Ba5 9. Ng3 c6 10. Ba4 Ng6 11. d4 Re8 12. Bc2 Bb6 13. h3 d5 14. Nxe5 Nxe4
15. Nxe4 dxe4 16. Bxe4 Nxe5 17. dxe5 Qxd1 18. Rxd1 Rxe5 19. Bf3 Bf5 20. Bf4
Re7 21. a4 a5 22. g4 Be4 23. Kg2 f6 24. Bd6 Bxf3+ 25. Kxf3 Rd7 26. Bg3 Rad8
27. Rxd7 Rxd7 28. Ke2 Kf7 29. Rd1 Rxd1 30. Kxd1 Ke6 31. Ke2 f5 32. f3 g6
33. Kd3 Kd5 34. gxf5 gxf5 35. b3 Bd8 36. Bf4 Bb6 37. Bg3 Bd8 38. Bf4 Bb6
39. Bg3 Bd8 1/2-1/2

[Event "Superbet Varsavia Blitz 2026"]
[Site "Varsavia"]
[Date "09.05.2026"]
[Round "14B"]
[White "Sindarov, Javokhir"]
[Black "Firouzja, Alireza"]
[Result "1-0"]
[WhiteElo "2776"]
[BlackElo "2759"]
[EventDate "2026.05.08"]
[WhiteFideId "14205483"]
[BlackFideId "12573981"]

1. Nf3 d5 2. c4 d4 3. b4 c5 4. a3 Nf6 5. g3 a5 6. bxc5 Nc6 7. Bg2 Nd7 8.
O-O Nxc5 9. d3 e5 10. Nbd2 a4 11. Ne1 Be6 12. Nc2 Qd7 13. Nb4 Bh3 14. Nd5
Bxg2 15. Kxg2 Ra6 16. Rb1 Bd6 17. Ne4 Nxe4 18. dxe4 O-O 19. Qd3 Na5 20. Bd2
Nb3 21. Bb4 Rc8 22. f4 exf4 23. gxf4 Rac6 24. Kh1 Qd8 25. Bxd6 Qxd6 26. e5
Qd8 27. Rg1 Kh8 28. Qf5 Qf8 29. Rg3 Rxc4 30. Nf6 g6 31. Rh3 Qg7 32. Qg5
Rc1+ 33. Rxc1 Rxc1+ 34. Kg2 Nc5 35. Nxh7 1-0

[Event "Superbet Varsavia Blitz 2026"]
[Site "Varsavia"]
[Date "09.05.2026"]
[Round "14B"]
[White "Niemann, Hans Moke"]
[Black "Vachier-Lagrave, Maxime"]
[Result "1-0"]
[WhiteElo "2728"]
[BlackElo "2717"]
[EventDate "2026.05.08"]
[WhiteFideId "2093596"]
[BlackFideId "623539"]

1. e4 e5 2. Nf3 Nc6 3. Bc4 Nf6 4. d3 Bc5 5. O-O O-O 6. Nbd2 d6 7. c3 a5 8.
h3 h6 9. Re1 Be6 10. Bb5 Ba7 11. Nf1 Ne7 12. Ba4 Ng6 13. d4 Nh5 14. Bc2
Nhf4 15. Ng3 Qd7 16. Nf5 Rfe8 17. Be3 Bxf5 18. exf5 Nf8 19. dxe5 dxe5 20.
Bxa7 Rxa7 21. Nxe5 Qxd1 22. Raxd1 a4 23. Rd4 Ra5 24. Rxf4 Raxe5 25. Rxe5
Rxe5 26. Bxa4 b5 27. Bb3 c5 28. Kf1 Nd7 29. c4 b4 30. Ba4 Nf6 31. Bc2 Kf8
32. Rf3 Re7 33. a4 bxa3 34. Rxa3 Rb7 35. b3 Ke7 36. Ke2 Nd7 37. f4 h5 38.
g4 hxg4 39. hxg4 Rb8 40. Ra7 Kd6 41. g5 Rh8 42. f6 gxf6 43. Bf5 Nb8 44.
gxf6 Rh5 45. Bg4 Rh2+ 46. Ke3 Rb2 47. Rb7 1-0

[Event "Superbet Varsavia Blitz 2026"]
[Site "Varsavia"]
[Date "09.05.2026"]
[Round "14B"]
[White "Wojtaszek, Radoslaw"]
[Black "Fedoseev, Vladimir"]
[Result "1-0"]
[WhiteElo "2650"]
[BlackElo "2700"]
[EventDate "2026.05.08"]
[WhiteFideId "1118358"]
[BlackFideId "24130737"]

1. d4 d5 2. c4 e6 3. Nc3 a6 4. cxd5 exd5 5. Bf4 Nf6 6. e3 c5 7. Bd3 Nc6 8.
dxc5 Bxc5 9. Nge2 O-O 10. O-O h6 11. Rc1 Ba7 12. h3 Be6 13. a3 Rc8 14. Re1
Re8 15. Bb1 Qd7 16. Qd3 g6 17. Bxh6 Bxh3 18. Nf4 Bf5 19. Ncxd5 Ng4 20. Qd1
Qd8 21. Nxg6 fxg6 22. Bxf5 gxf5 23. Bf4 Bb8 24. Qb3 Kf8 25. f3 Nf6 26. Bh6+
Kf7 27. Nf4+ Nd5 28. Nxd5 Bg3 29. Nf4+ Kf6 30. Nh5+ Kg6 31. Nxg3 Kxh6 32.
Qf7 Rf8 33. Qh5+ 1-0

[Event "Superbet Varsavia Blitz 2026"]
[Site "Varsavia"]
[Date "09.05.2026"]
[Round "14B"]
[White "Gukesh, Dommaraju"]
[Black "Caruana, Fabiano"]
[Result "0-1"]
[WhiteElo "2732"]
[BlackElo "2788"]
[EventDate "2026.05.08"]
[WhiteFideId "46616543"]
[BlackFideId "2020009"]

1. e4 c5 2. Nf3 d6 3. Nc3 Nf6 4. Be2 Nc6 5. d4 cxd4 6. Nxd4 e5 7. Nf3 h6 8.
O-O Be6 9. Re1 Be7 10. Bf1 O-O 11. Nd5 Qd7 12. h3 Rac8 13. c4 Bd8 14. Bd2
Bxd5 15. cxd5 Ne7 16. a4 Ng6 17. a5 Nh7 18. Qb3 a6 19. Rac1 Be7 20. g3 Nf6
21. Kg2 Rxc1 22. Bxc1 Rc8 23. Bd3 Qc7 24. Bd2 Nf8 25. Qa3 N8d7 26. b4 Qd8
27. Rc1 Rxc1 28. Qxc1 Ne8 29. Be3 Nc7 30. h4 Ne8 31. Nd2 Nef6 32. Be2 Kh7
33. Qc2 Qb8 34. Nb3 Kg8 35. b5 axb5 36. Bxb5 Bd8 37. f3 Nf8 38. Qc3 Ng6 39.
Nd2 Nh5 40. Bd7 Bc7 41. Bb6 Bxb6 42. axb6 Ne7 43. Qc7 Qa8 44. Qxd6 Ng6 45.
Qb4 Qa1 46. Nf1 Nxg3 47. Kxg3 Qxf1 48. Qc5 Nf4 49. Kg4 g6 0-1